[Event "Mittelrhein Verbandsliga-M 1112"]
[Site "Germany"]
[Date "2012.02.26"]
[Round "7.7"]
[White "Graf, Peter"]
[Black "Rupprecht, Wilfried"]
[Result "1-0"]
[WhiteElo "1970"]
[BlackElo "1769"]
[PlyCount "99"]
[EventDate "2011.09.18"]
[EventType "team-tourn"]
[EventRounds "11"]
[EventCountry "GER"]
[SourceTitle "EXT 2013"]
[Source "ChessBase"]
[SourceDate "2012.11.22"]
[SourceVersion "1"]
[SourceVersionDate "2012.11.22"]
[SourceQuality "1"]
[WhiteTeam "Koeln SF II"]
[BlackTeam "Rheinbacher SF II"]
[WhiteTeamCountry "GER"]
[BlackTeamCountry "GER"]

1. e4 d6 2. d4 Nf6 3. Nc3 c6 4. f4 Qa5 5. e5 dxe5 6. fxe5 Ne4 7. Qf3 Nxc3 8. Bd2 Qd5 9. bxc3 Qxf3 10. Nxf3 Bf5 11. Rb1 b6 12. Rb2 e6 13. a4 Ba3 14. Ra2 Be7 15. Be2 Nd7 16. 0-0 0-0 17. h3 h6 18. g4 Be4 19. Bf4 g5 20. Bg3 Rac8 21. Nd2 Bg6 22. c4 Bb4 23. Nf3 Rfe8 24. Rb1 Ba5 25. Bd3 Bxd3 26. cxd3 Kg7 27. h4 Kg6 28. Bf2 f6 29. exf6 Nxf6 30. Ne5+ Kg7 31. hxg5 hxg5 32. Be3 Nh7 33. Rh2 Bc3 34. Rb3 Ba5 35. Rh5 Rg8 36. Rb2 Be1 37. Bxg5 Bc3 38. Bh6+ Kf6 39. Rf2+ Ke7 40. Rf7+ Ke8 41. Be3 Ng5 42. Rxa7 c5 43. Bxg5 Bxd4+ 44. Kg2 Bxe5 45. Re7+ Kf8 46. Rxe6 Re8 47. Bh6+ Kf7 48. Rexe5 Rxg4+ 49. Kf3 Reg8 50. Rhf5+ 1-0

[Event "Mittelrhein Verbandsliga-M 1112"]
[Site "Germany"]
[Date "2011.10.09"]
[Round "2.7"]
[White "Rupprecht, Wilfried"]
[Black "Scheeren, Carlos"]
[Result "1-0"]
[WhiteElo "1769"]
[BlackElo "1622"]
[PlyCount "97"]
[EventDate "2011.09.18"]
[EventType "team-tourn"]
[EventRounds "11"]
[EventCountry "GER"]
[SourceTitle "EXT 2013"]
[Source "ChessBase"]
[SourceDate "2012.11.22"]
[SourceVersion "1"]
[SourceVersionDate "2012.11.22"]
[SourceQuality "1"]
[WhiteTeam "Rheinbacher SF II"]
[BlackTeam "Kalker/Deutzer SG"]
[WhiteTeamCountry "GER"]
[BlackTeamCountry "GER"]

1. d4 Nf6 2. Nc3 g6 3. Bg5 Bg7 4. Qd2 h6 5. Bh4 d5 6. f3 Bf5 7. g4 Be6 8. e3 c6 9. Nge2 b5 10. Nf4 Bd7 11. Nd3 a5 12. Ne5 0-0 13. g5 Ne8 14. gxh6 Bxh6 15. Rg1 Bg7 16. Bd3 Bxe5 17. dxe5 Ng7 18. Qg2 Be8 19. 0-0-0 Nd7 20. f4 Nc5 21. f5 Nxd3+ 22. Rxd3 Nxf5 23. Bg5 Ng7 24. h4 Qd7 25. Ne2 Kh7 26. Ng3 f6 27. Bf4 Qe6 28. exf6 exf6 29. Ne2 Nf5 30. Nd4 Nxd4 31. exd4 Qe4 32. Qf2 Qe6 33. Re1 Qf7 34. Bd6 Ra7 35. Bxf8 Qxf8 36. Rde3 Qh6 37. Kb1 Bf7 38. Qxf6 Qg7 39. Qxg7+ Kxg7 40. Re7 Rxe7 41. Rxe7 Kf6 42. Rc7 Be8 43. Ra7 a4 44. c3 Ke6 45. a3 Kd6 46. Kc2 Bd7 47. Kd3 Bg4 48. Ke3 g5 49. hxg5 1-0